00980 2200337 4500001002100000005001500021035002000036007000300056008004100059082001000100084001600110100001900126245012400145260004100269300003500310500003900345500003000384650002700414700001900441700001700460700002000477040001700497090001800514850001200532041000800544990001800552990001800570990001800588990001800606990001800624INLIS00000000079435120180809050154 a0010-0818000234ta180809 g 0 dut  a347.4 a347.4 SCH v1 aScholten, Paul1 aVerzamelde geschriften van wijlen Prof. Mr. Paul Scholten /csamengest. door G.J. Scholten, Y. Scholten, M.H. Bregstein aZwolle :bTjeenk Willink,c1949-1954 a.. jilid :bilustrasi ;c24 cm aYang ditelima Jilid I, II, III, VI aTeks dalam bahasa Belanda aHukum Perdata- Belanda1 aScholten, G.J.1 aScholten, Y.1 aBregstein, M.H. aYOPDYOGbind aL 347.4 SCH v aYOPDYOG0 adut a60525-PD/A.18 a60524-PD/A.18 a60523-PD/A.18 a60522-PD/A.18 a60521-PD/A.18